Claims of the missionary enterprise on the medical profession : an address delivered before the Temperance Society of the College of Physicians and Surgeons of the University of the State of New-York, October 28, 1842.

Bibliographic Details
Main Author: Macgowan, Daniel Jerome, 1815-1893
Format: Microform Book
Language:English
Subjects:

MARC

Tag First Indicator Second Indicator Subfields
LEADER 00000cam a2200000 a 4500
001 in00000084100
005 20151008055651.0
007 he bm----b---
008 801022r19781842kyu b 00000 eng d
035 |a (OCoLC)06848122 
035 |9 AAJ4063AM 
040 |a RRR  |c RRR  |d TXA  |d UtOrBLW 
043 |a n-us-ny 
049 |a TXAI 
099 |a fiche  |a C  |a 3782 
100 1 |a Macgowan, Daniel Jerome,  |d 1815-1893. 
245 1 0 |a Claims of the missionary enterprise on the medical profession :  |b an address delivered before the Temperance Society of the College of Physicians and Surgeons of the University of the State of New-York, October 28, 1842. 
264 3 |a New York :  |b Printed by W. Osborn,  |c 1842. 
300 |a 24 pages ;  |c 22 cm. 
336 |a text  |b txt  |2 rdacontent 
337 |a microform  |b h  |2 rdamedia 
338 |a microfiche  |b he  |2 rdacarrier 
500 |a "Sabin : 43277." 
500 |a "Copied from the original in the Library of Congress." 
533 |a Microfiche.  |b Louisville, [Ky.] :  |c Lost Cause Press,  |d 1978.  |e 2 microfiches : negative ; 11 x 15 cm.  |f ([Bibliotheca Americana. Selected Americana. Microfiche ed. / J. Sabin]) (Fiche book) 
500 |a Microform. 
650 0 |a Missions, Medical. 
999 |a MARS 
999 f f |s df436230-7fb4-37ab-b1ee-9eb55c219498  |i 30c16e60-f844-328c-bc5c-a9dfe352d464  |t 0 
952 f f |p normal  |a Texas A&M University  |b College Station  |c Sterling C. Evans Library  |d Evans: Microforms (3rd floor)  |t 0  |e fiche C 3782  |h Other scheme  |i microform -- microfiche  |m A14821395920 
998 f f |a fiche C 3782  |t 0  |l Evans: Microforms (3rd floor)